000 00470nam a2200181Ia 4500
001 23463
005 20260414150938.0
008 260414t2020||||xx |||||||||||||| ||spa||
041 _aESP
082 _a650.01513
_bV21 2020
100 _aValera Moreno, Rafael,
_eAUT
245 0 _aMatemática financiera :
_bonceptos, problemas y aplicaciones
260 _c2020
300 _a272 páginas :
_c22 cm.
650 _aCIS
654 _aCAN
942 _cLIB
_dJUS
_fJUS
_2ddc
_n
999 _c23463
_d23463